000 00580nam a2200241Ia 4500
003 OSt
005 20221005122412.0
006 a|||||r|||| 00| 0
007 ta
008 221004b |||||||| |||| 00| 0 ben d
024 _a46316
037 _cTextual
040 _aCRL
_cCRL
_bben
041 _2ben
_aben
082 _aO157,3N12x, 32J5
100 _aBasu
_9154812
245 0 _aJeevitha Sahara
260 _c1955
300 _a114
_ccm.
650 _aBENGALI FICTION
942 _hO157,3N12x, 32J5
_cTEXL
_2cc
999 _c1044172
_d1044172